Statistics for Municipalities of Bulgaria on a Map

Click here to take the quiz!

General Stats

  • This quiz has been taken 1,098 times
  • The average score is 75 of 265

Answers on the Map

Answers color-coded by a green-red scale on the quiz's map according to % correct below.
 

Answer Stats

ProvinceMunicipality% Correct
SOFSofia City
94%
VARVarna
84%
PDVPlovdiv
81%
BGSBurgas
80%
RSERuse
70%
DOBDobrich
67%
VIDVidin
67%
MONMontana
66%
SZRStara Zagora
66%
PVNPleven
65%
VTRVeliko Tarnovo
65%
BLGBlagoevgrad
63%
RAZRazgrad
63%
HKVHaskovo
62%
PERPernik
62%
SHUShumen
62%
SLSSilistra
62%
JAMYambol
62%
LOVLovech
61%
SLVSliven
61%
VRCVratsa
61%
GABGabrovo
59%
KRZKardzhali
59%
TGVTargovishte
58%
KNLKyustendil
57%
BGSNesebar
45%
SLVNova Zagora
44%
BLGPetrich
44%
BGSSozopol
44%
BLGBansko
42%
MONLom
42%
BGSMalko Tarnovo
41%
BLGSandanski
41%
SMLSmolian
41%
PDVAsenovgrad
40%
VTRSvishtov
40%
DOBBalchik
39%
SFOBotevgrad
39%
HKVDimitrovgrad
39%
BGSPomorie
39%
HKVSvilengrad
38%
BGSTsarevo
38%
PDVKarlovo
37%
SZRKazanlak
37%
PAZVelingrad
37%
BGSAitos
36%
VIDBelogradchik
36%
SFOSamokov
36%
VARByala
35%
KNLDupnitsa
35%
BLGGotse Delchev
35%
PAZPazardzik
35%
JAMElhovo
34%
HKVHarmanli
34%
BGSKarnobat
34%
DOBKavarna
34%
BGSPrimorsko
34%
GABSevlievo
34%
SLSTutrakan
34%
DOBGeneral Toshevo
33%
PVNLevski
33%
PDVSopot
33%
SMLZlatograd
33%
KRZKrumovgrad
32%
VIDKula
32%
KRZMomchilgrad
32%
PVNNikopol
32%
KNLRila
32%
BLGSimitli
32%
VTRElena
31%
SFOElin Pelin
31%
SLVKotel
31%
SHUNovi Pazar
31%
DOBShabla
31%
SFOSvoge
31%
PVNBelene
30%
SFOIhtiman
30%
PERTran
30%
RSEBiala
29%
SMLDevin
29%
HKVIvailovgrad
29%
BLGKresna
29%
VIDNovo Selo
29%
TGVOmurtag
29%
PAZPanagiurishte
29%
LOVTeteven
29%
JAMTundzha
29%
SHUVeliki Preslav
29%
SMLChepelare
28%
SMLDospat
28%
SFOKoprivshtitsa
28%
VRCKozlodui
28%
PDVMaritsa
28%
VRCOryahovo
28%
BLGRazlog
28%
BGSRuen
28%
HKVTopolovgrad
28%
PAZBatak
27%
SZRChirpan
27%
SFODragoman
27%
SFOEtropole
27%
VTRGorna Oriahovitsa
27%
PDVHisaria
27%
LOVLukovit
27%
VRCMezdra
27%
PERRadomir
27%
BGSSredets
27%
DOBTervel
27%
LOVTroian
27%
VARAksakovo
26%
SFOKostinbrod
26%
RAZKubrat
26%
PAZPeshtera
26%
TGVPopovo
26%
VARProvadia
26%
PDVRodopi
26%
BGSSungurlare
26%
KRZArdino
25%
BGSKameno
25%
SFOPravets
25%
PDVRakovski
25%
PAZSeptemvri
25%
HKVSimeonovgrad
25%
GABTriavna
25%
BLGYakoruda
25%
SFOAnton
24%
PAZBelovo
24%
KNLBobov Dol
24%
SLSDulovo
24%
RAZIsperih
24%
SMLMadan
24%
SFOPirdop
24%
SFOSlivnitsa
24%
LOVYablanitsa
24%
SLSAlfatar
23%
LOVApriltsi
23%
VARAvren
23%
MONBerkovitsa
23%
VIDBregovo
23%
PVNCherven Briag
23%
MONChiprovtsi
23%
VARDevnia
23%
RSEIvanovo
23%
KRZKirkovo
23%
VTRPavlikeni
23%
PDVStamboliiski
23%
JAMStraldzha
23%
VARBeloslav
22%
DOBDobrichka
22%
VARDolni Chiflik
22%
GABDrianovo
22%
PVNIskar
22%
SHUKaspichan
22%
PVNKnezha
22%
HKVMadzharovo
22%
SZRRadnevo
22%
SMLRudozem
22%
SFOZlatitsa
22%
JAMBoliarovo
21%
SFOChelopech
21%
RSEDve Mogili
21%
SZRGalabovo
21%
SFOGodech
21%
BLGHadzhidimovo
21%
PDVLaki
21%
VRCMizia
21%
SMLNedelino
21%
PDVParvomai
21%
VTRPolski Trambesh
21%
PAZSarnitsa
21%
LOVUgarchin
21%
BLGBelitsa
20%
RSEBorovo
20%
SFOChavdar
20%
KRZChernoochene
20%
SFODolna Bania
20%
SFOKostenets
20%
PDVKrichim
20%
PDVKuklen
20%
HKVLubimets
20%
HKVMineralni Bani
20%
PDVSaedinenie
20%
RAZTsar Kaloian
20%
SLVTvarditsa
20%
VARValchi Dol
20%
RSEVetovo
20%
SMLBanite
19%
VRCBiala Slatina
19%
SFOBozhurishte
19%
VIDDimovo
19%
KRZDzhebel
19%
SFOGorna Malina
19%
SHUHitrino
19%
SHUKaolinovo
19%
DOBKrushari
19%
SZRNikolaevo
19%
SZRPavel Bania
19%
VRCRoman
19%
KNLSapareva Bania
19%
PAZStrelcha
19%
MONVarshets
19%
KNLBoboshevo
18%
SMLBorino
18%
PDVBrezovo
18%
VARDalgopol
18%
PVNDolna Mitropolia
18%
SZRGurkovo
18%
VTRLiaskovets
18%
SZRMaglizh
18%
SFOMirkovo
18%
TGVOpaka
18%
SZROpan
18%
PDVPerushtitsa
18%
PDVSadovo
18%
RSESlivo Pole
18%
SHUSmiadovo
18%
HKVStambolovo
18%
VTRStrazhitsa
18%
VARSuvorovo
18%
TGVAntonovo
17%
SZRBratya Daskalovi
17%
PVNDolni Dabnik
17%
BLGGarmen
17%
VIDGramada
17%
LOVLetnitsa
17%
KNLNevestino
17%
BLGSatovcha
17%
VTRSuhindol
17%
MONValchedrum
17%
SHUVarbitsa
17%
VARVetrino
17%
PERZemen
17%
VRCBorovan
16%
PAZBratsigovo
16%
PDVKaloianovo
16%
VRCKrivodol
16%
SHUNikola Kozlevo
16%
PAZRakitovo
16%
RAZSamuil
16%
BLGStrumiani
16%
KNLTrekliano
16%
SHUVenets
16%
RAZZavet
16%
MONBoichinovtsi
15%
PERBreznik
15%
PERKovachevtsi
15%
PAZLesichovo
15%
SLSSitovo
15%
VTRZlataritsa
15%
VIDChuprene
14%
PVNGuliantsi
14%
VRCHairedin
14%
RAZLoznitsa
14%
VIDMakresh
14%
PVNPordim
14%
RSETsenovo
14%
MONYakimovo
14%
VIDBoynitsa
13%
MONBrusartsi
13%
SLSGlavinitsa
13%
SLSKainardzha
13%
KNLKocherinovo
13%
MONMedkovets
13%
MONGeorgi Damianovo
12%
VIDRuzhintsi
12%

Score Distribution

Percentile by Number Answered

Percent of People with Each Score

Your Score History

You have not taken this quiz